<Die> Zukunft der Telekommunikation in Europa Internationalen Konferenz "Die Zukunft der Telekommunikation in Europa" Bonn, 14.-15.11.1988
Guardado en:
| Formato: | Libro |
|---|---|
| Lenguaje: | alemán |
| Publicado: |
Berlin
Springer
1989
|
| Edición: | 1. Aufl. |
| Materias: | |
| Etiquetas: |
Sin Etiquetas, Sea el primero en etiquetar este registro!
|
MARC
| LEADER | 00000nam a2200000 4500 | ||
|---|---|---|---|
| 001 | c000733 | ||
| 005 | 20221215125518.5 | ||
| 020 | |a 3-540-50933-X | ||
| 041 | 0 | |a ger | |
| 044 | |a DE | ||
| 245 | 1 | 0 | |a <Die> Zukunft der Telekommunikation in Europa |b Internationalen Konferenz "Die Zukunft der Telekommunikation in Europa" Bonn, 14.-15.11.1988 |
| 250 | |a 1. Aufl. | ||
| 264 | 1 | |a Berlin |b Springer |c 1989 | |
| 300 | |a 221 s. | ||
| 610 | 2 | 0 | |a telekomunikácie |
| 610 | 2 | 0 | |a konkurencia |
| 610 | 2 | 0 | |a Európa |
| 610 | 2 | 0 | |a regulácia cenová |
| 610 | 2 | 0 | |a ponuka |